000 00890nam a2200205Ii 4500
003 JO-AjNU
008 230605s9999||||xx |||||||||||||| ||und||
040 _aJO-AjNU
_bara
_erda
_cJO-AjNU
041 _aara
050 1 4 _aBP173.756.A2 1974
100 3 _aالعبادي، عبد السلام داود,
_eauthor
_947090
245 0 0 _aالملكية في الشريعة الإسلامية طبيعتها ووظيفتها وقيودها : دراسة مقارنة بالقوانين والنظم النوعية القسم الاول
250 _aط1
264 3 1 _aعمان: المؤلف، 1974
300 _a347ص
_bيتضمن ببلوغرافيا ص 135-347
336 _atext
_btxt
_2rdacontent
337 _aunmediated
_bn
_2rdamedia
338 _avolume
_bnc
_2rdacarrier
650 4 _aالملكية- المعاملات- قوانين وتشريعات- الفقه الاسلامي
_947091
999 _aA20532
_c24100
_d24100